书目信息 |
| 题名: |
清宫秘史
|
|
| 作者: | 清馨 主编 | |
| 分册: | ||
| 出版信息: | 北京 中国华侨出版社 2014 |
|
| 页数: | 435页 | |
| 开本: | 25cm | |
| 丛书名: | ||
| 单 册: | ||
| 中图分类: | K249.09 | |
| 科图分类: | ||
| 主题词: | 清代--历史--通俗读物 , 清代 , 历史 | |
| 电子资源: | ||
| ISBN: | 978-7-5113-4621-6 | |
| 000 | 00865nam0 2200253 45 | |
| 001 | 012001003213 | |
| 005 | 20140926114739.0 | |
| 010 | @a978-7-5113-4621-6@b精装@dCNY58.00 | |
| 100 | @a20140818d2014 em y0chiy50 ea | |
| 101 | 0 | @achi |
| 102 | @aCN@b110000 | |
| 105 | @aa z 000yy | |
| 106 | @ar | |
| 200 | 1 | @a清宫秘史@9qing gong mi shi@f清馨主编 |
| 210 | @a北京@c中国华侨出版社@d2014 | |
| 215 | @a435页@c图@d25cm | |
| 330 | @a本书从努尔哈赤起兵写起,至宣统退位而终,以清朝十二帝为主,连带讲述名臣重臣、后宫嫔妃;以宫廷秘史为主,连带讲述其所涉及的一系列奇闻秘事。大胆解析那些秘而不宣、悬而未决、史无定论的事件真相,向读者展示不一样的大清王朝。 | |
| 606 | 0 | @a清代@x历史@j通俗读物 |
| 606 | 0 | @a清代 |
| 606 | 0 | @a历史 |
| 690 | @aK249.09@v5 | |
| 701 | 0 | @a清馨@9qing xin@4主编 |
| 801 | 0 | @aCN@b上海新华@c20180901 |
| 905 | @b1154118-22@dK249.09@e117@f5 | |
| 清宫秘史/清馨主编.-北京:中国华侨出版社,2014 |
| 435页:图;25cm |
| ISBN 978-7-5113-4621-6(精装):CNY58.00 |
| 本书从努尔哈赤起兵写起,至宣统退位而终,以清朝十二帝为主,连带讲述名臣重臣、后宫嫔妃;以宫廷秘史为主,连带讲述其所涉及的一系列奇闻秘事。大胆解析那些秘而不宣、悬而未决、史无定论的事件真相,向读者展示不一样的大清王朝。 |
| ● |
| 相关链接 |
|
|
|
|
正题名:清宫秘史
索取号:K249.09/117
 
预约/预借
| 序号 | 登录号 | 条形码 | 馆藏地/架位号 | 状态 | 备注 |
| 1 | 1154118 | 211541189 | 第二样本阅览室/ [索取号:K249.09/117] | 在馆 | |
| 2 | 1154119 | 211541198 | 密集书库-史法系/ [索取号:K249.09/117] | 在馆 | |
| 3 | 1154120 | 211541205 | 第二借阅区/ [索取号:K249.09/117] | 在馆 | |
| 4 | 1154121 | 211541214 | 第二借阅区/ [索取号:K249.09/117] | 在馆 | |
| 5 | 1154122 | 211541223 | 第二借阅区/ [索取号:K249.09/117] | 在馆 |